000 00598nam a22002417a 4500
003 UA-OsUOA
001 35296
007 ta
008 20051117b un ||||| |||| 00| 0 ukr d
100 _aИльин В.В.
090 _a1(091)(075.8)
_bИ46
942 _cBK
040 _aUA-OsUOA
_brus
_cUA-OsUOA
_dUA-OsUOA
245 _aИстория философии
300 _a732 с.
955 _a2
041 _arus
080 _a1(091)(075.8)
020 _a5-318-00150-5
260 _aМ.
_bПитер
_c2003
650 7 _a1(091) Історія філософії
_2UDC
999 _c321657
_d321657